Neuromarketing v modernej spoločnosti
Perspektíva, smerovanie a ďalšie výzvy neuromarketingu. Metodika neuromarketingu. Neuromarketingový výskum.
Saved in:
| Main Author: | |
|---|---|
| Other Authors: | |
| Format: | Book Chapter |
| Language: | Slovak |
| Subjects: | |
| Tags: |
No Tags, Be the first to tag this record!
|
MARC
| LEADER | 00000naa a2200000 4500 | ||
|---|---|---|---|
| 001 | 0273849 | ||
| 005 | 20210520124842.2 | ||
| 041 | 0 | |a slo | |
| 044 | |a SK | ||
| 245 | 1 | 0 | |a Neuromarketing v modernej spoločnosti |c Ivan Uher, Milena Švedová |
| 520 | |a Perspektíva, smerovanie a ďalšie výzvy neuromarketingu. Metodika neuromarketingu. Neuromarketingový výskum. | ||
| 610 | 2 | 0 | |a neuromarketing |
| 610 | 2 | 0 | |a správanie |
| 610 | 2 | 0 | |a správanie spotrebiteľa |
| 610 | 2 | 0 | |a výskum marketingový |
| 100 | 1 | |a Uher, Ivan | |
| 700 | 1 | |a Švedová, Milena | |